01305nam a2200265 a 4500001001000000005001700010008004100027041000800068044000700076084002100083100004500104245009500149260004800244300003000292440002500322500016800347500011500515500016100630500001100791650005200802650005600854650003400910650004500944740005000989BRCA_279420190320203954.0081208s1905----sp-a---###---#000-0#spa-u aspa asp a251b.C355c19051 aCervantes Saavedra, Miguel ded1547-161610aEl Ingenioso Hidalgo Don Quijote de la Manchaccompuesto por Miguel de Cervantes Saavedra. aMadridbSaturnino Calleja Fernándezc1905 axvii, 847 p.bil.c24 cm. 0aBiblioteca Perlanxx aContenido : Primera parte. Dedicatoria del autor. Prólogo del autor. Versos preliminares. Texto. Segunda parte. Dedicatoria del autor. Prólogo del autor. Texto aEdición : Edición ilustrada con 316 dibujos de M. Ángel, grabados por Carretero, Sampietro y Santamarina aEdición similar a la que publicó la misma Casa editorial en 1904. Lomera y cubiertas decoradas con motivos quijotiles en varios colores Lúdovik Osterc aQM113014aNovela españolayÉpoca clásica, 1500-170014aLiteratura españolayÉpoca clásica, 1500-170014aNovela españolaySiglo XVII14aDon Quijote (Personaje ficticio)eNovela0 aEl Ingenioso Hidalgo Don Quijote de la Mancha